000 00582nam a22002174a 4500
001 14662198
003 OSt
005 20150703165710.0
008 061103s2006 enk 000 0 eng
020 _a0421729503
035 _a(CaONFCNI)uk4391753
040 _aDLC
_cDLC
082 _a346.072 BEN
245 0 0 _aBenjamin's sale of goods /
_cA. G. Guest ... [et al.].
250 _a6th ed.
260 _aLondon :
_bSweet & Maxwell,
_c2002.
300 _acclxxviii, 2413 p. ;
_c24 cm.
906 _a0
_bibc
_corigres
_du
_encip
_f20
_gy-gencatlg
942 _2ddc
_cBK
999 _c451
_d451